| 000 | 00757nam a2200265 a 4500 | ||
|---|---|---|---|
| 001 | 000110150 | ||
| 003 | CHAP | ||
| 005 | 20220329144120.0 | ||
| 008 | 140728s2012 mx a |r ||||||spa d | ||
| 010 | _a106612 | ||
| 011 | _a107584 | ||
| 020 | _a9786077510932 | ||
| 040 | _cCHAP | ||
| 082 | 0 | 4 |
_a972.75 _bC45 |
| 100 | 1 |
_aChanona, Roberto _9127563 |
|
| 245 | 1 | 0 |
_aViaje a los refugios del alma / _cpor Roberto Chanona. |
| 260 |
_aTuxtla GutiƩrrez, Chis. : _bUniversidad de Ciencias y Artes de Chiapas, _c2012. |
||
| 300 |
_a139 p. : _bil. |
||
| 590 |
_aE11695DGD _b10 _c20140729 _lUCH01 _h0916 |
||
| 590 |
_aE5765TAJ _b05 _c20140728 _lUCH01 _h0928 |
||
| 650 | 1 | 4 |
_aChiapas _xDescripción y viaje. _922230 |
| 901 | _aBK | ||
| 942 | _cLIBRO | ||
| 942 | _n0 | ||
| 999 |
_c106612 _d106612 |
||